000 00269nam a22001337a 4500
008 171122b xxu||||| |||| 00| 0 eng d
020 _a9780470831649
041 _aeng
080 _a338
100 _a54
101 _aMEN
245 _a002-2938475
942 _2udc
_cBK
999 _c38297
_d38297